000 01085nam a2200289 i 4500
005 20260419153052.0
008 260419t20242024my gr o001 0bmay d
020 _a9786297625201
_cRM57.00
_qhardback
040 _aPPAK
_beng
_cPPAK
_erda
082 0 4 _223
_a346.052
090 0 0 _a346.052
_bJAH
_dG
100 0 _aJaharudin Padli Al-Banjari,
_cDr.,
_d1976-
_eauthor.
245 1 0 _aPENGURUSAN HARTA PUSAKA DAN HARTA ORANG ISLAM MENURUT SYARAK /
_cJaharudin Padli Al-Banjari
264 1 _aKuala Nerus, Terengganu :
_bPenerbit UMT, Universiti Malaysia Terengganu,
_c2024
264 4 _c©2024
300 _axxx, 405 pages ;
_c23 cm
336 _atext
_2rdacontent
337 _aunmediated
_2rdamedia
338 _avolume
_2rdacarrier
500 _aContains verses from the Qur'an and quotes from the Hadith.
500 _a Includes index.
504 _aBibliography: pages [375]-381.
650 1 0 _aInheritance and succession (Islamic law)
650 2 0 _aWills (Islamic law)
650 2 0 _aGovernment publications
_zMalaysia
942 _2ddc
_cB
999 _c203914
_d203914